000 00763nam a2200253Ia 4500
003 OSt
005 20220923230410.0
006 a|||||r|||| 00| 0
007 ta
008 Pun
020 _c150
024 _a281,261
037 _b857, 12/08/2014, H.K. Prakashan
_cTextual
040 _aARTS
_cARTS
_bPun
041 _2Pun
_aPun
082 _aO153,1NBH1x, Q0
100 _aਭੁਪਿੰਰਰਪ੍ਰੀਤ
245 0 _aਗੂੰਜ
260 _aਚੰਡੀਗੜ
_b ਲੋਕਗੀਤ ਪ੍ਰਕਾFਨ
_c2010
300 _a120ਪੰ
_ccm.
650 _aਪੰਜਾਬੀ ਸਾਹਿਤ
942 _hO153,1NBH1x, Q0
_cTEXL
_2CC
999 _c384572
_d384572